Szczegóły MARC21

Zauberhafte Geschichten für Erstleser Ponys, Feen und Prinzessinnen /

003 -Nazwa inst., której nr kontr. jest w polu 001 [,]
    • @
    • Nazwa instytucji, której n kontrolny jest w polu 001
    • NUKAT
005 -DATA I CZAS OSTATNIEJ MODYFIKACJI [,]
    • @
    • pole kontrolne
    • 20250606104201.0
020 -Międzynarod. znormalizowany nr książki - ISBN [ , ]
    • a
    • Numer ISBN
    • 9783473362929 Find
    • q
    • Dopowiedzenie
    • (oprawa twarda) :
    • c
    • Terms of availability
    • EUR 5,00
040 -Instytucja sporządzająca opis [ , ]
    • a
    • Instytucja, która sporządziła opis (NP)
    • SZCZ U/AB
    • b
    • Język katalogowania
    • pol
    • e
    • Zasady katalogowania
    • rda
    • c
    • Instytucja, która sporządziła rekord (NP)
    • SZCZ U/ABs
942 -Rodzaj dokumentu [ , ]
    • c
    • Rodzaj dokumentu
    • Książka
245 -Strefa tytułu i oznaczenia odpowiedzialności [0,0]
    • a
    • Tytuł
    • Zauberhafte Geschichten für Erstleser Ponys, Feen und Prinzessinnen / Find
    • c
    • Pozostałe elementy strefy tytułu i oznaczenia odpowiedzialności (NP)
    • THiLO, Vanessa Walder, Cornelia Neudert ; mit Bildern von Lila L Leiber, Betina Gotzen-Beek und Julia Ginsbach.
260 -Strefa adresu wydawniczego [ , ]
    • a
    • Miejsce wydania (P)
    • [Ravensburg] :
    • b
    • Nazwa wydawcy (P)
    • Ravensburger Buchverlag,
    • c
    • Data wydania (P)
    • © 2012.
300 -Strefa opisu fizycznego [ , ]
    • a
    • Określenie formy książki i/lub objętość (NP)
    • 138, [1] strona :
    • b
    • Oznaczenie ilustracji (NP)
    • ilustracje ;
    • c
    • Format (NP)
    • 24 cm.
336 -Typ zawartości [ , ]
    • a
    • Termin opisujący typ zawartości
    • Tekst
    • b
    • Kod określający zawartość
    • txt
    • 2
    • Źródło (terminu i kodu)
    • rdacontent
336 -Typ zawartości [ , ]
    • a
    • Termin opisujący typ zawartości
    • Obraz
    • b
    • Kod określający zawartość
    • sti
    • 2
    • Źródło (terminu i kodu)
    • rdacontent
337 -Typ mediów [ , ]
    • a
    • Tryb odtwarzania
    • Bez urządzenia pośredniczącego
    • b
    • Kod typu mediów
    • n
    • 2
    • Źródło (terminu i kodu)
    • rdamedia
338 -Typ/rodzaj nośnika [ , ]
    • a
    • Hasło opisujące typ nośnika
    • Wolumin
    • b
    • Kod typu nośnika
    • nc
    • 2
    • Źródło (terminu i kodu)
    • rdacarrier
490 -Strefa serii i książki wielotomowej - forma nie do wyszukiwania [1, ]
    • a
    • Tytuł (P)
    • Leserabe. 1, Lesestufe Find
830 -Hasło dodatkowe serii i opisu książki wielotomowej - tytuł ujednolicony/tytuł [ ,0]
    • a
    • Tytuł ujednolicony/tytuł (NP)
    • Leserabe.
    • n
    • Oznaczenie części/podserii/sekcji (P)
    • 1,
    • p
    • Nazwa części/podserii/sekcji (P)
    • Lesestufe
    • 9
    • KHW
    • 726459
500 -Uwaga ogólna [ , ]
    • a
    • Uwaga ogólna (NP)
    • Miejsce wydania na podstawie siedziby wydawcy.
505 -Uwaga dot. zawartości książki [0, ]
    • a
    • Uwaga dot. zawartości książki
    • Die Prinzessin und das Einhorn / Thilo. Feengeschichten / Vanessa Walder. Ponygeschichten / Cornelia Neudert.
650 -Hasło przedmiotowe [ ,7]
    • a
    • Hasło przedmiotowe
    • Książki ilustrowane dla dzieci
    • z
    • Określnik geograficzny
    • Niemcy
    • v
    • Określnik formalny
    • wydawnictwa ilustrowane.
    • 2
    • Źródło terminu
    • kaba
    • 9
    • KHW
    • 726480
655 -Hasło w funkcji tematu formalnego [ ,7]
    • a
    • Hasło
    • Baśnie niemieckie
    • v
    • Określnik formy
    • antologie.
    • 2
    • Źródło terminu
    • kaba
    • 9
    • KHW
    • 633416
700 -Hasło dodatkowe - nazwa osobowa [1, ]
    • a
    • Nazwa osobowa (NP)
    • Leiber, Lila L. Find
    • d
    • Daty biograficzne (NP)
    • (1955- ).
    • e
    • Określenie rodzaju współpracy
    • Ilustracje
    • 9
    • KHW
    • 726418
700 -Hasło dodatkowe - nazwa osobowa [1, ]
    • a
    • Nazwa osobowa (NP)
    • Gotzen-Beek, Betina Find
    • d
    • Daty biograficzne (NP)
    • (1965- ).
    • e
    • Określenie rodzaju współpracy
    • Ilustracje
    • 9
    • KHW
    • 726425
700 -Hasło dodatkowe - nazwa osobowa [1, ]
    • a
    • Nazwa osobowa (NP)
    • Ginsbach, Julia Find
    • d
    • Daty biograficzne (NP)
    • (1967- ).
    • e
    • Określenie rodzaju współpracy
    • Ilustracje
    • 9
    • KHW
    • 726414
700 -Hasło dodatkowe - nazwa osobowa [0,2]
    • a
    • Nazwa osobowa (NP)
    • THiLO. Find
    • t
    • Tytuł ujednolicony/tytuł (NP)
    • Prinzessin und das Einhorn Find
    • l
    • Język tekstu (NP)
    • (niem.)
    • 9
    • KHW
    • 726460
700 -Hasło dodatkowe - nazwa osobowa [1,2]
    • a
    • Nazwa osobowa (NP)
    • Walder, Vanessa Find
    • d
    • Daty biograficzne (NP)
    • (1978- ).
    • t
    • Tytuł ujednolicony/tytuł (NP)
    • Feengeschichten Find
    • l
    • Język tekstu (NP)
    • (niem.)
    • 9
    • KHW
    • 726461
700 -Hasło dodatkowe - nazwa osobowa [1,2]
    • a
    • Nazwa osobowa (NP)
    • Neudert, Cornelia Find
    • d
    • Daty biograficzne (NP)
    • (1976- ).
    • t
    • Tytuł ujednolicony/tytuł (NP)
    • Ponygeschichten Find
    • l
    • Język tekstu (NP)
    • (niem.)
    • 9
    • KHW
    • 726462
710 -Hasło dodatkowe - nazwa ciała zbiorowego [2, ]
    • a
    • Nazwa ciała zbiorowego lub nazwa geograficzna jako pierwszy element (NP)
    • Ravensburger Buchverlag Otto Maier.
    • e
    • Rodzaj współpracy
    • Wydawca
    • 4
    • Kod relacji
    • pbl
    • 9
    • KHW
    • 726458
920 -ISBN [ , ]
    • a
    • ISBN
    • 978-3-473-36292-9 (oprawa twarda) : EUR 5,00 Find
Numer inwentarzowy Lokalizacja Data inwentaryzacji Status udost. Sygnatura
BJM.5790BM2024-12-30-3Germ. Literatura dla dzieci 62